Vista normal
Vista MARC
Entrada Personal Name
Número de registros utilizados en: 1
001 - CONTROL NUMBER
- control field: 14744
003 - CONTROL NUMBER IDENTIFIER
- control field: OSt
005 - DATE AND TIME OF LATEST TRANSACTION
- control field: 20230915230255.0
008 - FIXED-LENGTH DATA ELEMENTS
- fixed length control field: 230915|| aca||aabn | a|a d
040 ## - CATALOGING SOURCE
- Original cataloging agency: OSt
- Transcribing agency: OSt
100 ## - HEADING--PERSONAL NAME
- Personal name: Maupassant ; Guy D; Perez Margarita
670 ## - SOURCE DATA FOUND
- Source citation: Work cat.: (OSt)22024: Maupassant ; Guy D; Perez Margarita, , La Madre de los Monstruos y otros cuentos de locura y muerte, 1995